000 00675nam a22002297a 4500
005 20161011115555.0
008 150316b xxu||||| |||| 00| 0 spa d
041 _aspa
082 _a150.193.2 C386m
100 _aCázarez González, Yolanda
_925939
245 _aManejo efectivo de un grupo: el desarrollo de los grupos hacia la madurez y la productividad
260 _aMéxico
_bTrillas
_c2011
300 _a173 páginas
650 _aDINAMICA DE GRUPOS
_96400
650 _aTRABAJO EN EQUIPO
_9731
650 _aMANEJO DE GRUPOS
_9933
650 _aMADUREZ
_97149
650 _aPRODUCTIVIDAD
_9726
650 _aGRUPO
_925940
650 _aEQUIPO
_91626
942 _cBK
999 _c3968
_d3968